[Event "Arvier Amatori op 6th"]
[Site "Arvier"]
[Date "2016.01.04"]
[Round "3"]
[White "Bono, Carlo"]
[Black "Baloire, Endy"]
[Result "0-1"]
[WhiteElo "1440"]
[BlackElo "1991"]
[PlyCount "106"]
[EventDate "2016.01.03"]
[EventType "swiss"]
[EventRounds "5"]
[EventCountry "ITA"]
[SourceTitle "EXT 2017"]
[Source "ChessBase"]
[SourceDate "2016.10.25"]
[SourceVersion "1"]
[SourceVersionDate "2016.10.25"]
[SourceQuality "1"]

1. d4 d5 2. c4 e6 3. Nc3 Nf6 4. Bg5 Nbd7 5. e3 c6 6. Nf3 Qa5 7. a3 Ne4 8. Qc2 Bb4 9. Rc1 Bxc3+ 10. bxc3 Nxg5 11. Nxg5 h6 12. Nf3 Qxa3 13. Bd3 0-0 14. 0-0 Qd6 15. c5 Qc7 16. Ra1 e5 17. Bf5 e4 18. Nd2 Nf6 19. Bxc8 Rfxc8 20. f3 exf3 21. Rxf3 Re8 22. Qf5 Qd7 23. Qxd7 Nxd7 24. c4 Nf6 25. cxd5 cxd5 26. h3 Re6 27. Kf2 b6 28. Nb3 Ne4+ 29. Ke2 bxc5 30. Nxc5 Nxc5 31. dxc5 d4 32. Ra4 dxe3 33. Rxe3 Kf8 34. Rxe6 fxe6 35. Ke3 a5 36. Ke4 Ke7 37. Ke5 Kd7 38. Rd4+ Kc6 39. Kxe6 Kxc5 40. Rd7 g5 41. Rc7+ Kb6 42. Rh7 Ra6 43. Kd5 Kb5 44. Rb7+ Rb6 45. Rc7 a4 46. Rc1 a3 47. Rb1+ Ka5 48. Ra1 Ka4 49. Kc5 Rb2 50. Rc1 a2 51. Rc4+ Kb3 52. Rb4+ Kc2 53. Rc4+ Kb1 0-1

[Event "Arvier Amatori op 6th"]
[Site "Arvier"]
[Date "2016.01.03"]
[Round "1"]
[White "Cattaneo, Roger"]
[Black "Bono, Carlo"]
[Result "1-0"]
[WhiteElo "1843"]
[BlackElo "1440"]
[PlyCount "95"]
[EventDate "2016.01.03"]
[EventType "swiss"]
[EventRounds "5"]
[EventCountry "ITA"]
[SourceTitle "EXT 2017"]
[Source "ChessBase"]
[SourceDate "2016.10.25"]
[SourceVersion "1"]
[SourceVersionDate "2016.10.25"]
[SourceQuality "1"]

1. e4 c5 2. Nf3 d6 3. d4 cxd4 4. Nxd4 Nf6 5. Nc3 a6 6. a4 e5 7. Nb3 Be6 8. f4 Nc6 9. f5 Bxb3 10. cxb3 Qb6 11. Bc4 Na5 12. Nd5 Nxd5 13. Bxd5 Be7 14. Qd3 Nc6 15. Be3 Qb4+ 16. Qc3 Qxc3+ 17. bxc3 0-0 18. b4 Rfc8 19. 0-0 Rab8 20. b5 Na5 21. Ba7 Ra8 22. Bb6 Nc4 23. a5 Nxb6 24. axb6 Rxc3 25. Bxb7 Rb8 26. bxa6 Bd8 27. a7 Bxb6+ 28. Kh1 Bxa7 29. Rxa7 Rc7 30. Rb1 Kf8 31. Ra8 Rxa8 32. Bxa8 Ke7 33. Rb7 Rxb7 34. Bxb7 g6 35. g4 Kf6 36. h4 h6 37. Kg2 Kg7 38. Kf3 f6 39. h5 gxh5 40. gxh5 Kf7 41. Ke3 Ke7 42. Kd3 Kd7 43. Kc4 Kc7 44. Bd5 Kb6 45. Bf7 Kc6 46. Be8+ Kb6 47. Kd5 Kc7 48. Ba4 1-0